A titkos szavazásos választójogi törvényjavaslat

Elmentve itt :
Bibliográfiai részletek
Szerző: Polner Ödön
Dokumentumtípus: Könyv
Megjelent: Szeged Városi Kiadó Szeged 1938
Kulcsszavak:Jogtörténet - magyar, Választójog - Magyarország
Tárgyszavak:
Online Access:http://misc.bibl.u-szeged.hu/76186
LEADER 00652nam a2200181 i 4500
001 misc76186
005 20260318145944.0
008 260313s1938 hu o 000 hun d
040 |a SZTE Miscellanea Repozitórium  |b hun 
041 |a hun 
100 1 |a Polner Ödön 
245 1 2 |a A titkos szavazásos választójogi törvényjavaslat  |h [elektronikus dokumentum] /  |c  Polner Ödön 
260 |a Szeged Városi Kiadó  |b Szeged  |c 1938 
300 |a 36  |c 23 cm 
650 4 |a Társadalomtudományok 
650 4 |a Jogtudomány 
695 |a Jogtörténet - magyar, Választójog - Magyarország 
856 4 0 |u http://misc.bibl.u-szeged.hu/76186/1/XB_277166.pdf  |z Dokumentum-elérés